Hara hara Mahādeva. (Record no. 81794)
[ view plain ]
| 000 -LEADER | |
|---|---|
| fixed length control field | 00585cam a22002291 4500 |
| 001 - CONTROL NUMBER | |
| control field | sa 68007305 |
| 003 - CONTROL NUMBER IDENTIFIER | |
| control field | DLC |
| 005 - DATE AND TIME OF LATEST TRANSACTION | |
| control field | 20260227112522.0 |
| 008 - FIXED-LENGTH DATA ELEMENTS--GENERAL INFORMATION | |
| fixed length control field | 890712s1968 ii 000 1 maro |
| 010 ## - LIBRARY OF CONGRESS CONTROL NUMBER | |
| LC control number | sa 68007305 |
| 035 ## - SYSTEM CONTROL NUMBER | |
| System control number | (OCoLC)19997807 |
| 040 ## - CATALOGING SOURCE | |
| Original cataloging agency | DLC |
| Transcribing agency | WaU |
| Modifying agency | DLC |
| 042 ## - AUTHENTICATION CODE | |
| Authentication code | premarc |
| 050 00 - LIBRARY OF CONGRESS CALL NUMBER | |
| Classification number | PK2418.D26 |
| Item number | H3 |
| 100 1# - MAIN ENTRY--PERSONAL NAME | |
| Personal name | Dāṇḍekara, Gopāla Nīlakaṇṭha, |
| Dates associated with a name | 1917- |
| 245 10 - TITLE STATEMENT | |
| Title | Hara hara Mahādeva. |
| 260 ## - PUBLICATION, DISTRIBUTION, ETC. | |
| Date of publication, distribution, etc. | [1968] |
| 300 ## - PHYSICAL DESCRIPTION | |
| Extent | 382 p. |
| Dimensions | 19 cm. |
| 500 ## - GENERAL NOTE | |
| General note | In Marathi. |
| 500 ## - GENERAL NOTE | |
| General note | A novel. |
| 600 00 - SUBJECT ADDED ENTRY--PERSONAL NAME | |
| Personal name | Shivaji, |
| Titles and other words associated with a name | Raja, |
| Dates associated with a name | 1627-1680 |
| Form subdivision | Fiction. |
No items available.